|
|
|
|
| LEADER |
00687cam a2200181 7i4500 |
| 001 |
0000027456 |
| 005 |
20120110090000.0 |
| 022 |
0 |
0 |
|a 0128973X
|
| 090 |
0 |
0 |
|a M338.476709595
|b JAB
|
| 110 |
2 |
0 |
|a Jabatan Perangkaan Malaysia
|
| 245 |
2 |
0 |
|a Laporan penyiasatan industri pembuatan =
|l Report on the annual survey of manufacturing industries 2010.
|
| 260 |
0 |
0 |
|a Putrajaya:
|b Jabatan Perangkaan Malaysia,
|c 2011.
|
| 300 |
# |
# |
|a 218p.
|
| 650 |
0 |
0 |
|a Manufacturing industries --
|x Statistics --
|z Malaysia
|
| 650 |
0 |
0 |
|a Malaysia --
|x Industries --
|x Statistics
|
| 650 |
0 |
0 |
|a Industrial surveys --
|x Statistics --
|z Malaysia
|
| 651 |
0 |
0 |
|a Malaysia
|
| 999 |
|
|
|a 0000029797
|b Book
|c Malaysia
|e Business Information Centre
|